Agustín de Hipona / (Record no. 47832)

MARC details
000 -LEADER
campo de control de longitud fija 00989nam a2200289 i 4500
001 - NÚMERO DE CONTROL
campo de control 47832
003 - IDENTIFICADOR DE NÚMERO DE CONTROL
campo de control ES-MaACL
005 - FECHA Y HORA DE LA ÚLTIMA TRANSACCIÓN
campo de control 20230906161637.0
007 - CAMPO FIJO DE DESCRIPCIÓN FÍSICA--INFORMACIÓN GENERAL
campo de control de longitud fija t|
008 - DATOS DE LONGITUD FIJA--INFORMACIÓN GENERAL
campo de control de longitud fija 030529s2001 sp ||||0| spa
020 ## - NÚMERO INTERNACIONAL ESTÁNDAR DEL LIBRO
Número Internacional Estándar del Libro 84-483-0608-2
080 ## - NÚMERO DE LA CLASIFICACIÓN DECIMAL UNIVERSAL
Número de la Clasificación Decimal Universal 929 Agustín, Santo, Obispo de Hipona
100 1# - ENTRADA PRINCIPAL--NOMBRE DE PERSONA
Nombre de persona Brown, Peter Robert Lamont.
9 (RLIN) 32019
245 10 - MENCIÓN DEL TÍTULO
Título Agustín de Hipona /
Mención de responsabilidad, etc. Peter Brown ; traducción de Santiago Tovar y Mª Rosa Tovar (revisada) ; traducción del texto nuevo, de John Oldfield.
250 ## - MENCION DE EDICION
Mención de edición Nueva ed.
Resto de la mención de edición con un epílogo del autor.
260 ## - PUBLICACIÓN, DISTRIBUCIÓN, ETC.
Lugar de publicación, distribución, etc. Madrid :
Nombre del editor, distribuidor, etc. Acento,
Fecha de publicación, distribución, etc. 2001.
300 ## - DESCRIPCIÓN FÍSICA
Extensión 654 p :
Otras características físicas mapas ;
Dimensiones 23 cm.
490 1# - MENCIÓN DE SERIE
Mención de serie Las luces
504 ## - NOTA DE BIBLIOGRAFÍA, ETC.
Nota de bibliografía, etc. Bibliografía: p. 531-545.
600 04 - PUNTO DE ACCESO ADICIONAL DE MATERIA--NOMBRE DE PERSONA
Nombre de persona Agustín
Títulos y otros términos asociados al nombre Santo, Obispo de Hipona-
Subdivisión general Biografías.
9 (RLIN) 18920
700 1# - ENTRADA AGREGADA--NOMBRE PERSONAL
Nombre de persona Tovar, Santiago.
9 (RLIN) 111174
700 1# - ENTRADA AGREGADA--NOMBRE PERSONAL
Nombre de persona Tovar, María Rosa.
9 (RLIN) 111171
700 1# - ENTRADA AGREGADA--NOMBRE PERSONAL
Nombre de persona Olfield, John.
9 (RLIN) 86710
830 1# - PUNTO DE ACCESO ADICIONAL DE SERIE-TÍTULO UNIFORME
Título uniforme Las luces
9 (RLIN) 182219
852 ## - LOCALIZACIÓN
Ubicación ES-MaACL
Número de control de estantería L-26371
Holdings
Estatus retirado Estado de pérdida Estado de daño No para préstamo Biblioteca de origen Biblioteca actual Ubicación en estantería Fecha de adquisición Fuente de adquisición Total de préstamos Signatura topográfica completa Código de barras Visto por última vez Precio de reemplazo Tipo de ítem Koha
        Biblioteca del Ateneo de Madrid Biblioteca del Ateneo de Madrid Depósito 2 17/01/2008     L-26371 1050336 23/02/2023 23/02/2023 Libro impreso